000 00960nam a22003017a 4500
001 BR9001448
003 BR-BrBNA
005 20230928093410.0
007 ta
008 230509b bl.||||| |||| 00| 0 por d
040 _aBR-BrBNA
_bpor
_cBiblioteca Nacional de Agricultura
041 _a(Por)
072 _aM01; E70
_b/G514
090 _ M01 BR9001448
110 1 _aSuperintendencia do Desenvolvimento da Pesca, Rio de Janeiro, RJ (Brasil)
_910084
245 1 _aA pesca no Brasil
_bPalestra proferida pelo Dr. Djaci Magalhaes, Superintendente da SUDEPE, na Escola de Guerra Naval, Rio de Janeiro - 28.08.86
260 3 _aRio de Janeiro, RJ (Brasil):
_c1986.
300 _a58 p.
500 _a10 tables
650 _aRECURSO PESQUEIRO
650 _aPESCA ARTESANAL
650 _aAQUICULTURA
650 _aPESQUISA PESQUEIRA
650 _aPOLITICA PESQUEIRA
650 _aCOMERCIALIZACAO
909 _a202309
_bLucia
_c55
_dLucia Elande
942 _cBK
999 _c44764
_d44764